00373nam a2200121Ia 4500008004100000040001800041041000800059100003700067245005600104260005800160300001800218650001500236130821s1950 ck gr spa  aCo-BoUCMbspa aspa1 aMotta Salas, Juliánd1891-1972 aRecuerdos del Ingenioso HidalgocJulian Motta Salas aNeiva (Huila, Colombia)bImprenta Departamentalc1950 a402 páginas04aLiteratura